000 00477nam a22001577a 4500
020 _a9788131720929
040 _cNUST
082 _a621.382 SKL
100 _aSklar, Bernard
_983957
110 _aRay, Pabitra Kumar
_983711
245 _aDigital Communications: Fundamentals and Applicaitons
250 _a2rd
260 _aINDIA:
_b PEARSON EDUCATION,
_c2009
650 _aDigital Communications Fundamentals. Digital Communications Applicaitons
_983958
942 _2ddc
_cBK
999 _c586659
_d586659